Loading...
| Fine Arts - Classical Music and Opera | 2 | 20.00 | 100% | 100% | 0% |
| Fine Arts - Other Arts | 9 | 16.67 | 78% | 67% | 22% |
| Fine Arts - Painting and Sculpture | 7 | 14.29 | 86% | 57% | 0% |
| Geography | 4 | 15.00 | 75% | 75% | 0% |
| History - American History | 5 | 16.00 | 100% | 60% | 0% |
| History - European History | 6 | 16.67 | 83% | 50% | 33% |
| History - Other History | 5 | 14.00 | 80% | 40% | 20% |
| History - World History | 5 | 12.00 | 100% | 20% | 0% |
| Literature - American Literature | 5 | 12.00 | 100% | 20% | 0% |
| Literature - British Literature | 7 | 17.14 | 100% | 57% | 14% |
| Literature - European Literature | 5 | 20.00 | 100% | 60% | 40% |
| Literature - World Literature | 10 | 17.00 | 90% | 60% | 20% |
| Modern World | 3 | 13.33 | 100% | 33% | 0% |
| Mythology | 2 | 15.00 | 100% | 50% | 0% |
| Other Academic | 4 | 12.50 | 100% | 25% | 0% |
| Other Culture | 1 | 20.00 | 100% | 100% | 0% |
| Other Science (Astronomy) | 1 | 20.00 | 100% | 100% | 0% |
| Other Science (Computer Science) | 1 | 0.00 | 0% | 0% | 0% |
| Other Science (Earth Science) | 1 | 20.00 | 100% | 100% | 0% |
| Other Science (Math) | 1 | 10.00 | 100% | 0% | 0% |
| Other Science (Mixed/Any) | 1 | 20.00 | 100% | 100% | 0% |
| Philosophy | 6 | 18.33 | 83% | 100% | 0% |
| Religion | 9 | 8.89 | 67% | 22% | 0% |
| Science - Biology | 7 | 17.14 | 86% | 57% | 29% |
| Science - Chemistry | 5 | 14.00 | 100% | 40% | 0% |
| Science - Physics | 6 | 16.67 | 83% | 50% | 33% |
| Social Science | 4 | 12.50 | 75% | 50% | 0% |